Vampire Diaries - Statistiques

Statistiques générales
  • Ce quiz a été pris 5 739 fois
    5 716 depuis la dernière actualisation
  • Le résultat moyen est 9 sur 10
Statistiques - réponses
Hint Réponse % Correct
Nombre de saison ? 8
100%
1 Frères vampires (prénom + nom) Damon Salvatore
99%
Comment s'apelle la sorcière, amie d'Elena ? Bonnie Bennet
97%
2 Frères vampires (prénom + nom) Stefan Salvatore
97%
Dans quelle saison Elena se réveille t-elle pour la première fois en vampire ? 3
91%
le plus vieil original du monde Niklaus Mikaelson
91%
tante d'Elena Gilbert (prénom + nom) Jenna Sommers
90%
La ville de la série Mystic Falls
88%
Qui est le double vampire d'Elena ? Katherine Pierce
69%
Qui mord accitendellement Damon (prénom + nom) ? Tyler Lockwood
62%
Aucun quiz correspondant
Distribution des résultats
% des personnes avec chaque résultat
Percentile par nombre de réponses
Votre historique - résultats
Vous n’avez pas pris ce quiz depuis la dernière actualisation